| 000 | 00677nam a22002537a 4500 | ||
|---|---|---|---|
| 003 | UA-OsUOA | ||
| 001 | 27651 | ||
| 007 | ta | ||
| 008 | 20040909b un ||||| |||| 00| 0 ukr d | ||
| 100 | _aНемет А. | ||
| 090 |
_a78:929 _bН50 |
||
| 942 | _cBK | ||
| 040 |
_aUA-OsUOA _brus _cUA-OsUOA _dUA-OsUOA |
||
| 245 |
_aФеренц Эркель _bЖизнь и творчество |
||
| 300 |
_a160 с. _bІлюстрації |
||
| 955 | _a0 | ||
| 041 | _arus | ||
| 080 | _a78:929 | ||
| 260 |
_aЛенинград _bМузыка _c1980 |
||
| 044 | _aRU | ||
| 250 | _nПеревод с немецкого И. А. Николаевой | ||
| 650 | 7 | _2UDC | |
| 999 |
_c314001 _d314001 |
||